[Event "Norway Chess Open GM 2025"]
[Site "Stavanger NOR"]
[Date "2025.05.29"]
[Round "4.17"]
[White "Zheng, Harry Z"]
[Black "Savitha, Shri B"]
[Result "0-1"]
[BlackTitle "IM"]
[WhiteElo "2149"]
[BlackElo "2298"]
[WhiteFideId "460982"]
[BlackFideId "35061887"]
[EventDate "2025.05.26"]

1. e4 e5 2. Nf3 Nc6 3. Bb5 f5 4. d3 fxe4 5. dxe4 Nf6 6. O-O d6 7. Bc4 Na5 8. Be2
Be7 9. b4 Nc6 10. b5 Na5 11. Bd2 c5 12. Qe1 b6 13. Bxa5 bxa5 14. Bc4 Nh5 15. Nc3
Nf4 16. Rd1 Qc7 17. Qd2 Rf8 18. Bd5 Rb8 19. Bc6+ Kf7 20. g3 Nh3+ 21. Kg2 Bg4 22.
Nd5 Qd8 23. Ne3 Qc8 24. Nxg4 Nf4+ 25. Kh1 Qxg4 26. Qe3 Ne6 27. Bd7 Kg8 28. Nd2
Rbd8 29. f3 Qg6 30. Bxe6+ Qxe6 31. c4 Rf6 32. Qe2 Rdf8 33. Nb1 Rh6 34. Nc3 Bg5
35. Rd3 Qxc4 36. Rfd1 Rhf6 37. Kg2 h5 38. Qb2 Qb4 39. Qc2 R6f7 40. a4 c4 41.
Rxd6 Rxf3 42. Na2 Rf2+ 43. Qxf2 Rxf2+ 44. Kxf2 Qb2+ 45. Kf3 Qxa2 46. h4 Bf6 47.
Rc6 Qb3+ 48. Ke2 Qc2+ 49. Rd2 Qxe4+ 50. Kd1 Qf3+ 51. Kc2 Qb3+ 52. Kc1 c3 53. Rc2
e4 0-1

[Event "Norway Chess Open GM 2025"]
[Site "Stavanger NOR"]
[Date "2025.05.29"]
[Round "4.18"]
[White "Fiskaaen, Martin Holten"]
[Black "Wiger-Nordas, Felix"]
[Result "1-0"]
[WhiteTitle "FM"]
[WhiteElo "2292"]
[BlackElo "1924"]
[WhiteFideId "1550233"]
[BlackFideId "1557203"]
[EventDate "2025.05.26"]

1. d4 Nf6 2. Nf3 g6 3. Bg5 Ne4 4. Bf4 c5 5. c3 d5 6. e3 Bg7 7. Nbd2 Nc6 8. Be2
O-O 9. O-O Bf5 10. Ne5 Nxe5 11. dxe5 g5 12. Nxe4 gxf4 13. Nxc5 b6 14. Bd3 Qc8
15. Bxf5 Qxf5 16. Nd3 fxe3 17. fxe3 Qg5 18. Rf4 Kh8 19. Qf3 e6 20. Rf1 Qg6 21.
Qe2 Rac8 22. R1f3 Rc4 23. Qf1 Re4 24. Rg3 Qh5 25. Rh3 Qg6 26. Rfh4 Rxh4 27. Rxh4
Qg5 28. Qf4 Qg6 29. e4 dxe4 30. Qxe4 Qxe4 31. Rxe4 Rd8 32. Rd4 Rxd4 33. cxd4 Kg8
34. Kf2 Kf8 35. Ke3 Ke7 36. Ke4 f5+ 37. exf6+ Bxf6 38. Nf2 a5 39. a4 Kf7 40. Nd3
Bd8 41. Ne5+ Kf6 42. h4 Bc7 43. Nf3 Bg3 44. b3 Ke7 45. h5 Bc7 46. g4 h6 47. Kd3
Bf4 48. Kc4 Kd6 49. Ne1 e5 50. Nd3 Bh2 51. dxe5+ Ke6 52. Kd4 1-0

[Event "Norway Chess Open GM 2025"]
[Site "Stavanger NOR"]
[Date "2025.05.29"]
[Round "4.23"]
[White "Follana Albelda, Lucia"]
[Black "Hedman, Erik"]
[Result "0-1"]
[BlackTitle "IM"]
[WhiteElo "2022"]
[BlackElo "2272"]
[WhiteFideId "24516937"]
[BlackFideId "1702351"]
[EventDate "2025.05.26"]

1. e4 e5 2. Nf3 Nc6 3. Bc4 Nf6 4. d3 h6 5. c3 d6 6. O-O g5 7. a4 Bg7 8. a5 O-O
9. Ne1 Ne7 10. Nc2 c6 11. Bb3 d5 12. Nd2 Ng6 13. exd5 Nxd5 14. Nc4 Be6 15. d4
Qc7 16. dxe5 c5 17. N2e3 Rad8 18. Qc2 Ndf4 19. Nf5 Bxf5 20. Qxf5 Nxg2 21. Nd6
N2h4 22. Bxf7+ Kh8 23. Qe6 Nxe5 0-1

[Event "Norway Chess Open GM 2025"]
[Site "Stavanger NOR"]
[Date "2025.05.29"]
[Round "4.24"]
[White "Nechitaylo, Nikita"]
[Black "Zhang, Ruijia"]
[Result "1-0"]
[WhiteTitle "FM"]
[WhiteElo "2261"]
[BlackElo "1970"]
[WhiteFideId "34138161"]
[BlackFideId "8645264"]
[EventDate "2025.05.26"]

1. d4 d5 2. c4 Nc6 3. cxd5 Qxd5 4. Nf3 e5 5. Nc3 Bb4 6. e3 Bg4 7. Be2 exd4 8.
O-O Bxc3 9. bxc3 d3 10. Qxd3 Qxd3 11. Bxd3 O-O-O 12. Be4 Nf6 13. Bxc6 bxc6 14.
Ne5 Be6 15. Nxc6 Rd6 16. Nxa7+ Kb7 17. Nb5 Ra6 18. Ba3 Rha8 19. Rfb1 Kc8 20. Bc5
Bc4 21. Rb4 Rxa2 22. Rxa2 Rxa2 23. Na7+ Kd7 24. h3 Ne4 25. Rxc4 Nxc5 26. Nb5 Ne6
27. Nd4 Ng5 28. f4 Ne6 29. Kh2 g6 30. Kg3 Kd6 31. Nc6 f6 32. e4 Ra3 33. Kf3 Ra6
34. Nd4 Kd7 35. h4 Ng7 36. g4 Ne8 37. g5 Rb6 38. gxf6 Rxf6 39. e5 Ra6 40. Ke4
Ra5 41. Nb3 Ra2 42. Nc5+ Kc6 43. Ne6+ Kd7 44. Nc5+ Kc6 45. Ne6+ Kd7 46. Nf8+ Ke7
47. Nxh7 Rh2 48. Ng5 Rxh4 49. Rc6 Rh6 50. Kd5 Kd7 51. f5 Rh4 52. f6 Rf4 53. f7
Ng7 54. Rf6 1-0

[Event "Norway Chess Open GM 2025"]
[Site "Stavanger NOR"]
[Date "2025.05.29"]
[Round "4.25"]
[White "Aarts, Joaquin"]
[Black "Eliseev, Sergey"]
[Result "0-1"]
[BlackTitle "FM"]
[WhiteElo "1990"]
[BlackElo "2254"]
[WhiteFideId "1078224"]
[BlackFideId "1534734"]
[EventDate "2025.05.26"]

1. d4 Nf6 2. c4 e6 3. Nc3 Bb4 4. e3 O-O 5. Bd3 d5 6. a3 Bxc3+ 7. bxc3 dxc4 8.
Bxc4 c5 9. Nf3 Qc7 10. Be2 b6 11. Bb2 a6 12. c4 cxd4 13. exd4 b5 14. cxb5 axb5
15. O-O Ba6 16. Qb3 Qb6 17. Ne5 Ra7 18. Rac1 Nd5 19. Bf3 Bb7 20. Rc5 Nc7 21. Be2
Bd5 22. Qc2 Qb7 23. f3 Nba6 24. Rc3 b4 25. Re3 Rc8 26. Rc1 Raa8 27. Qd2 Ba2 28.
f4 Nd5 29. Rh3 bxa3 30. Bxa3 Rxc1+ 31. Bxc1 Nab4 32. Ra3 Rc8 33. Bd3 Qb6 34. Bb2
Nxd3 35. Nxd3 Bc4 36. Ne5 Ba6 37. Ra1 Qb5 38. h3 g6 39. Kh2 Bb7 40. Rc1 Ra8 41.
Ra1 Rxa1 42. Bxa1 Qf1 43. Qb2 0-1

[Event "Norway Chess Open GM 2025"]
[Site "Stavanger NOR"]
[Date "2025.05.29"]
[Round "4.31"]
[White "Swarna Nihal"]
[Black "Hetland, Even"]
[Result "1/2-1/2"]
[WhiteElo "2228"]
[BlackElo "2025"]
[WhiteFideId "25683640"]
[BlackFideId "1555995"]
[EventDate "2025.05.26"]

1. d4 Nf6 2. c4 e6 3. Nf3 d5 4. g3 Be7 5. Bg2 O-O 6. O-O dxc4 7. Qc2 a6 8. Qxc4
b5 9. Qc2 Bb7 10. Bd2 Nc6 11. e3 Nb4 12. Bxb4 Bxb4 13. Nbd2 Rc8 14. Nb3 Be4 15.
Qd1 c5 16. a3 cxd4 17. axb4 Bc2 18. Qxd4 Bxb3 19. Rxa6 Rc2 20. Qxd8 Rxd8 21. Rb1
Bd5 22. Nd4 Rd2 23. Bxd5 Nxd5 24. Ra5 Nxb4 25. Rxb5 Nd3 26. Nc6 Ra8 27. Rf1 Nxb2
28. Ne5 Nd3 29. Nf3 Rb2 30. Rxb2 Nxb2 31. Ne5 Rd8 32. Kg2 Rd1 33. f4 Rxf1 34.
Kxf1 Na4 35. Ke2 f6 36. Nc6 Nc5 1/2-1/2

[Event "Norway Chess Open GM 2025"]
[Site "Stavanger NOR"]
[Date "2025.05.29"]
[Round "4.26"]
[White "Pang, Ethan"]
[Black "Costache, Andrei Eugeniu"]
[Result "1-0"]
[WhiteTitle "FM"]
[WhiteElo "2226"]
[BlackElo "1952"]
[WhiteFideId "496995"]
[BlackFideId "42206057"]
[EventDate "2025.05.26"]

1. Nf3 c5 2. c4 Nc6 3. Nc3 g6 4. e3 Nf6 5. d4 cxd4 6. exd4 d5 7. cxd5 Nxd5 8.
Qb3 e6 9. Bb5 Bg7 10. Bxc6+ bxc6 11. O-O O-O 12. Na4 Ba6 13. Re1 Rb8 14. Qd1 Nb4
15. Nc5 Bc4 16. Bf4 Rc8 17. a3 Na6 18. Nb7 Qd5 19. Rc1 Bb3 20. Qe2 Nc7 21. Nd6
Nb5 22. Nxc8 Rxc8 23. Be3 Nxd4 24. Nxd4 Bxd4 25. Qa6 Rc7 26. Bxd4 Qxd4 27. Rxc6
Rd7 28. Rc3 Qd2 29. Rf1 Bd1 30. Re3 Kg7 31. Qc4 Qxb2 32. h3 Rd5 33. Qc7 Qd4 34.
Rxe6 Rc5 35. Qxa7 Bf3 36. Re7 Bd5 37. Qd7 Qf4 38. Re3 Qg5 39. Qg4 Qf6 40. Rd1
Rc4 41. Qg3 Be4 42. Rde1 Qf5 43. f3 Bc6 44. Qe5+ Qxe5 45. Rxe5 Ra4 46. Rc1 Ba8
47. Rc3 Kf6 48. Rb5 h5 49. Rb4 Ra5 50. a4 Ke6 51. Rc8 Bd5 52. Rcb8 Bc6 53. R4b6
Kd7 54. Rf8 Ke7 55. Rh8 Bxa4 56. Rh7 Kf8 57. Rb8+ Ke7 58. Kf2 Rf5 59. Ke3 Bd7
60. Rhh8 Be6 61. g4 hxg4 62. hxg4 Ra5 63. Kf4 Rc5 64. Rh2 Ra5 65. Rf2 Rc5 66.
Kg3 Ra5 67. f4 Rc5 68. Rf3 Ra5 69. Re3 Kf6 1-0

[Event "Norway Chess Open GM 2025"]
[Site "Stavanger NOR"]
[Date "2025.05.29"]
[Round "4.32"]
[White "Strahl, Christian"]
[Black "Weller, Uli"]
[Result "1-0"]
[WhiteElo "2059"]
[BlackElo "2223"]
[WhiteFideId "12955019"]
[BlackFideId "12971782"]
[EventDate "2025.05.26"]

1. e4 e6 2. Qe2 Nf6 3. g3 d5 4. d3 Be7 5. Bg2 c5 6. c3 O-O 7. Bf4 Nc6 8. e5 Ne8
9. h4 f5 10. Nd2 b5 11. Ndf3 c4 12. d4 b4 13. Nh3 bxc3 14. bxc3 Qa5 15. Bd2 Ba3
16. Nfg5 h6 17. Qh5 Ne7 18. Rb1 Bd7 19. Nf4 Nc7 20. Qe2 Rab8 21. Rd1 Rb2 22. Nf3
Rfb8 23. O-O Rxa2 24. Qe3 Be8 25. Bh3 Qa4 26. g4 Qc2 27. g5 Qe4 28. Kh2 Qxe3 29.
Bxe3 h5 30. Ra1 Rxa1 31. Rxa1 Nb5 32. Rb1 Rb6 33. Bd2 g6 34. Ne1 Nc8 35. Nc2 Be7
36. Bg2 Bf7 37. Ra1 Nc7 38. Bf3 Be8 39. Bd1 Kg7 40. Kg3 Rb5 41. Ne3 Rb2 42. Bc1
Rb6 43. Kf3 Nb5 44. Ne2 Bc6 45. Nc2 Kf7 46. Ke3 Bb7 47. f3 Nc7 48. Bd2 a6 49.
Bc1 Na7 50. Kd2 Nc6 51. Ne3 a5 52. Ba4 Ra6 53. Rb1 Bc8 54. Nc2 Bd8 55. Ba3 Bd7
56. Bd6 Nxe5 57. Bxe5 Bxa4 58. Rb8 Ke7 59. Bf6+ Kf7 60. Bxd8 Ne8 61. Bb6 Nd6 62.
Bc5 Ne8 63. Rb7+ Kg8 64. Nf4 Bxc2 65. Kxc2 e5 66. Nxd5 1-0

[Event "Norway Chess Open GM 2025"]
[Site "Stavanger NOR"]
[Date "2025.05.29"]
[Round "4.33"]
[White "Silva, Mariana"]
[Black "Harish, Neeraj"]
[Result "0-1"]
[WhiteTitle "WFM"]
[BlackTitle "CM"]
[WhiteElo "2035"]
[BlackElo "2192"]
[WhiteFideId "1911899"]
[BlackFideId "30958130"]
[EventDate "2025.05.26"]

1. d4 Nf6 2. c4 e6 3. Nc3 Bb4 4. e3 b6 5. Ne2 Ba6 6. Qa4 c5 7. a3 Bxc3+ 8. Nxc3
O-O 9. d5 exd5 10. cxd5 Bxf1 11. Rxf1 d6 12. f3 Nbd7 13. Kf2 a6 14. e4 b5 15.
Qc2 Qc7 16. Kg1 Rae8 17. Bf4 Nh5 18. Bd2 Ne5 19. Rae1 c4 20. Re2 Nd3 21. Be3 f5
22. Rd2 Nf6 23. b3 fxe4 24. fxe4 Ng4 25. Rxf8+ Rxf8 26. Bd4 Qf7 27. Qd1 Nge5 28.
bxc4 bxc4 29. Ne2 Qf6 30. Be3 Qh4 31. Kh1 Ng4 0-1

[Event "Norway Chess Open GM 2025"]
[Site "Stavanger NOR"]
[Date "2025.05.29"]
[Round "4.34"]
[White "Ter-Avetisjana, Agnesa Stepania"]
[Black "Muller, Maxime"]
[Result "1-0"]
[WhiteTitle "WFM"]
[WhiteElo "2185"]
[BlackElo "2023"]
[WhiteFideId "11614900"]
[BlackFideId "26088533"]
[EventDate "2025.05.26"]

1. e4 e5 2. Nf3 Nf6 3. Nxe5 d6 4. Nf3 Nxe4 5. d3 Nf6 6. d4 d5 7. Bd3 c5 8. c3 c4
9. Bc2 Be7 10. h3 O-O 11. O-O Nc6 12. Re1 Be6 13. Ng5 Bd7 14. Bf4 Qc8 15. Nd2
Bf5 16. Nf1 Re8 17. Ng3 Bg6 18. Qd2 Bf8 19. Be5 Nd7 20. Bxg6 hxg6 21. Bf4 Nf6
22. Rxe8 Qxe8 23. Re1 Qd7 24. Be5 Bd6 25. Qf4 Re8 26. Nf3 Bxe5 27. dxe5 Nh7 28.
h4 Nf8 29. Rd1 Rd8 30. Nf1 Ne6 31. Qg4 Nc5 32. Qxd7 Rxd7 33. Ne3 Nd3 34. b3 b5
35. Kf1 a6 36. g3 Kf8 37. Ke2 Ke7 38. h5 gxh5 39. Nf5+ Kf8 40. Ng5 Ncxe5 41. Rh1
g6 42. Nh7+ Ke8 43. Nf6+ Kd8 44. Nxd7 Kxd7 45. Ne3 Ke6 46. f4 Ng4 47. Nxg4 hxg4
48. Rh8 Nc5 49. Ra8 Kf5 50. Ra7 f6 51. Ke3 Ne4 52. Rxa6 Nxc3 53. Rd6 b4 54. bxc4
dxc4 55. Rd2 Ne4 56. Rd5+ Ke6 57. Kxe4 1-0

[Event "Norway Chess Open GM 2025"]
[Site "Stavanger NOR"]
[Date "2025.05.29"]
[Round "4.27"]
[White "Maurstad, Astor Moe"]
[Black "Johansson, Carl Fredrik"]
[Result "0-1"]
[BlackTitle "CM"]
[WhiteElo "1933"]
[BlackElo "2171"]
[WhiteFideId "1576640"]
[BlackFideId "1701576"]
[EventDate "2025.05.26"]

1. d4 d5 2. Nc3 e6 3. Bf4 a6 4. Nf3 Nf6 5. e3 Be7 6. Bd3 O-O 7. Ne2 c5 8. c3 Nc6
9. h3 b5 10. O-O Bb7 11. Qd2 Ne4 12. Qc2 f5 13. Ne5 Qe8 14. Qd1 Rc8 15. f3 Nf6
16. Qe1 b4 17. Rc1 bxc3 18. bxc3 Na5 19. Qd2 Nd7 20. Rfd1 Nxe5 21. Bxe5 Qc6 22.
Rc2 c4 23. Qe1 cxd3 24. Qg3 Bf6 25. Bxf6 Rxf6 26. Rxd3 Nc4 27. Qf2 Qa4 28. Nf4
Bc6 29. g4 fxg4 30. hxg4 Rcf8 31. g5 Rf5 32. Qh4 Qxc2 0-1

[Event "Norway Chess Open GM 2025"]
[Site "Stavanger NOR"]
[Date "2025.05.29"]
[Round "4.41"]
[White "Zepeda Berlanga, Jan Enrique"]
[Black "Rouda Essa, Alserkal"]
[Result "1/2-1/2"]
[WhiteTitle "CM"]
[BlackTitle "WGM"]
[WhiteElo "1941"]
[BlackElo "2147"]
[WhiteFideId "5132355"]
[BlackFideId "9314318"]
[EventDate "2025.05.26"]

1. e4 c5 2. Nf3 Nc6 3. d4 cxd4 4. Nxd4 e5 5. Nb5 d6 6. N1c3 a6 7. Na3 Nf6 8. Bg5
b5 9. Bxf6 gxf6 10. Nd5 f5 11. c3 Bg7 12. exf5 Bxf5 13. Qf3 Bd7 14. Nc2 O-O 15.
a4 bxa4 16. Nce3 f5 17. Bc4 Kh8 18. O-O f4 19. Bd3 Qh4 20. Qe4 Qh5 21. Nb6 fxe3
22. Nxd7 exf2+ 23. Kh1 Rf4 24. Qxc6 Rd8 25. Rxa4 Qe8 26. Rxf4 exf4 27. Rxf2 Qxd7
28. Qxd7 Rxd7 29. Rxf4 Rb7 30. Rf2 a5 31. g4 a4 32. Re2 Be5 33. Kg2 1/2-1/2

[Event "Norway Chess Open GM 2025"]
[Site "Stavanger NOR"]
[Date "2025.05.29"]
[Round "4.35"]
[White "Pintor, Simao"]
[Black "Abrahams, Daniel"]
[Result "1/2-1/2"]
[BlackTitle "CM"]
[WhiteElo "2021"]
[BlackElo "2112"]
[WhiteFideId "1904787"]
[BlackFideId "2606879"]
[EventDate "2025.05.26"]

1. e4 c5 2. Nf3 e6 3. c3 d5 4. exd5 Qxd5 5. d4 Nf6 6. Na3 a6 7. Nc4 Nbd7 8. Be2
b5 9. Ne3 Qc6 10. O-O Bb7 11. c4 bxc4 12. Nxc4 Qc7 13. Nfe5 Be7 14. Bf4 Qd8 15.
Nxd7 Qxd7 16. dxc5 Bxc5 17. Bd6 Bxd6 18. Qxd6 Rd8 19. Rfd1 Nd5 20. Qa3 Qe7 21.
Qa4+ Qd7 22. Qa3 Qe7 23. Qa4+ Qd7 24. Nd6+ Ke7 25. Qxd7+ Rxd7 26. Nxb7 Rxb7 27.
Rd2 a5 28. Bf3 Rb5 29. Rc1 Kd6 30. b3 Rc5 31. Rxc5 Kxc5 32. Rc2+ Kd6 33. Kf1 Rb8
34. Ke2 Rb4 35. Kd3 Rh4 36. Bxd5 exd5 1/2-1/2

[Event "Norway Chess Open GM 2025"]
[Site "Stavanger NOR"]
[Date "2025.05.29"]
[Round "4.36"]
[White "Liu, Tianyi (Jack)"]
[Black "Amundsen, Ask"]
[Result "1-0"]
[WhiteElo "2112"]
[BlackElo "2009"]
[WhiteFideId "8627894"]
[BlackFideId "1528726"]
[EventDate "2025.05.26"]

1. e4 e5 2. Nf3 Nf6 3. Nxe5 Nxe4 4. Qe2 Qe7 5. Qxe4 d6 6. d4 dxe5 7. dxe5 Nc6 8.
Nc3 Qxe5 9. Qxe5+ Nxe5 10. Bf4 Bd6 11. Bg3 h5 12. O-O-O f6 13. Nb5 h4 14. Nxd6+
cxd6 15. Bf4 Ke7 16. h3 Bf5 17. c3 Rac8 18. Be2 a6 19. Rhe1 b5 20. Rd4 g5 21.
Bh2 Rc5 22. f4 gxf4 23. Bxf4 Ke6 24. a4 Rb8 25. Bxe5 dxe5 26. Rxh4 b4 27. Bc4+
Ke7 28. Re3 a5 29. b3 bxc3 30. Rxc3 Rd8 31. Rg3 e4 32. Rh6 Be6 33. Rg7+ Kf8 34.
Rxf6+ Kxg7 35. Rxe6 Rd4 36. Kc2 Rcxc4+ 37. bxc4 Rxc4+ 38. Kb3 Rb4+ 39. Ka3 Rd4
40. Kb3 Rb4+ 41. Ka3 Rd4 42. g4 Rd3+ 43. Kb2 e3 44. Re4 Rd2+ 45. Kc3 Ra2 46. Kb3
Re2 47. Kc4 Rb2 48. Rxe3 Rb4+ 49. Kd5 Rxa4 50. Ke5 Kg6 51. Re4 Ra1 52. Kf4 a4
53. Re6+ Kg7 54. Kg5 Kf7 55. Rf6+ Kg7 56. Ra6 Kf7 57. Ra7+ Ke6 58. h4 a3 59. h5
a2 60. h6 Kd6 61. h7 Rh1 62. Kg6 Ke5 63. Rxa2 Kf4 64. Ra4+ 1-0

[Event "Norway Chess Open GM 2025"]
[Site "Stavanger NOR"]
[Date "2025.05.29"]
[Round "4.37"]
[White "Anatol, Luke Leon Robin"]
[Black "Elsness, Fredrik Valstad"]
[Result "1/2-1/2"]
[WhiteElo "2007"]
[BlackElo "2111"]
[WhiteFideId "39905500"]
[BlackFideId "1567829"]
[EventDate "2025.05.26"]

1. e4 c5 2. Nf3 d6 3. d4 cxd4 4. Qxd4 Nc6 5. Qd3 g6 6. Nc3 Nf6 7. Be2 Bg7 8. O-O
O-O 9. Nd5 Nxd5 10. exd5 Ne5 11. Nxe5 Bxe5 12. c3 Bf5 13. Qd1 Qc7 14. Be3 a6 15.
a4 b6 16. Qb3 Rfb8 17. Rfd1 Bd7 18. Qb4 b5 19. a5 Rc8 20. Rd2 Rab8 21. Bb6 Qb7
22. Re1 f5 23. Bf1 Be8 24. Qh4 Bf7 25. Bd4 Bxd4 26. Rxd4 Rc7 27. c4 bxc4 28.
Rxc4 Rxc4 29. Bxc4 Qxb2 30. Bf1 Qd2 31. Rxe7 Qxd5 32. Qf6 Rb1 33. Qc3 Qd1 34.
Qc8+ Kg7 35. Rxf7+ Kxf7 36. Qc7+ Ke6 37. Qc8+ Kf6 38. Qc3+ Kf7 39. Qc7+ Kf8 40.
Qd8+ Kg7 41. Qe7+ Kh6 42. Qh4+ Qh5 43. Qf4+ Qg5 44. Qxd6 Qc1 45. Qxa6 Qe1 46.
Qc4 Qxa5 47. Qh4+ 1/2-1/2

[Event "Norway Chess Open GM 2025"]
[Site "Stavanger NOR"]
[Date "2025.05.29"]
[Round "4.42"]
[White "Gore, Rohan"]
[Black "Charvi A"]
[Result "0-1"]
[BlackTitle "WFM"]
[WhiteElo "2110"]
[BlackElo "2056"]
[WhiteFideId "1773917"]
[BlackFideId "25165518"]
[EventDate "2025.05.26"]

1. e4 c5 2. Nf3 d6 3. d4 cxd4 4. Nxd4 Nf6 5. Nc3 a6 6. h3 e5 7. Nb3 Be6 8. Be3
Be7 9. g4 d5 10. exd5 Nxd5 11. Nxd5 Bxd5 12. Rg1 Nc6 13. Bg2 Bxg2 14. Rxg2 Qc7
15. c3 O-O 16. Qf3 Rad8 17. g5 b5 18. h4 b4 19. h5 bxc3 20. bxc3 Na5 21. Bd2 e4
22. Qe2 Nc4 23. Nd4 Nxd2 24. Kxd2 Qa5 25. Kc2 Rc8 26. Qe3 Bb4 27. Nb3 Qe5 28.
Rg3 Rxc3+ 29. Qxc3 Bxc3 30. Rxc3 Qf5 31. Kb2 Qxf2+ 32. Rc2 Qg3 33. Rc5 e3 34.
Nd4 Rb8+ 35. Kc2 Qf2+ 36. Kd3 Qd2+ 37. Ke4 Re8+ 38. Re5 Qg2+ 39. Nf3 0-1

[Event "Norway Chess Open GM 2025"]
[Site "Stavanger NOR"]
[Date "2025.05.29"]
[Round "4.38"]
[White "Simonsen, David Mindestrommen"]
[Black "Advaitt Srikant Koduri"]
[Result "1/2-1/2"]
[WhiteElo "2104"]
[BlackElo "1988"]
[WhiteFideId "1565672"]
[BlackFideId "25185454"]
[EventDate "2025.05.26"]

1. e4 c6 2. d4 d5 3. exd5 cxd5 4. Bd3 Nf6 5. h3 Nc6 6. c3 e5 7. dxe5 Nxe5 8. Nf3
Nxd3+ 9. Qxd3 Be7 10. O-O O-O 11. Be3 Be6 12. Nbd2 Qd7 13. Nd4 Bd6 14. Bg5 Ne8
15. Rfe1 Nc7 16. Qf3 b5 17. Bf4 Rad8 18. a3 Rfe8 19. Re2 a6 20. Rae1 h6 21. N2b3
Bxf4 22. Qxf4 Qd6 23. Qxd6 Rxd6 24. f3 g6 25. Kf2 Kg7 26. g4 Kf6 27. h4 Ra8 28.
Nc5 a5 29. g5+ hxg5 30. hxg5+ Kxg5 31. Ncxe6+ fxe6 32. Nxe6+ Nxe6 33. Rxe6 Rxe6
34. Rxe6 b4 35. Re5+ Kf6 36. Rxd5 bxc3 37. bxc3 Rc8 38. Rxa5 Rxc3 39. Kg3 g5 40.
a4 Kg6 41. Ra8 Rc4 42. a5 Ra4 43. a6 Kg7 44. a7 Kh7 45. Kf2 Ra3 46. Ke2 Kg7 47.
Kd2 Kh7 48. Kc2 Kg7 49. Kb2 Ra4 50. Kb3 Ra1 51. Kc4 Ra5 52. Kb4 Ra1 53. Kc5 Rc1+
54. Kb6 Rb1+ 55. Kc6 Rc1+ 56. Kd6 Ra1 57. Ke5 Ra5+ 58. Ke6 Ra6+ 59. Kf5 Ra5+ 60.
Kg4 Kh7 61. Kh5 Kg7 62. Kg4 Kh7 63. Kg3 Ra4 64. Kf2 Ra3 65. Ke2 Kg7 66. Kd2 Kh7
67. Kc2 Kg7 68. Kb2 Ra4 69. Kb3 Ra1 70. Kc4 Rc1+ 71. Kb5 Rb1+ 72. Kc6 Rc1+ 73.
Kd6 Ra1 74. Ke5 Ra5+ 75. Ke6 Ra6+ 76. Ke7 Ra1 77. Ke6 Ra6+ 78. Kf5 Ra5+ 79. Kg4
Kh7 80. Re8 Rxa7 81. Kxg5 Kg7 82. f4 Ra6 83. Re7+ Kf8 84. Re5 Kf7 85. Rb5 Rc6
86. Rb7+ Kf8 87. Rh7 Ra6 88. f5 Rb6 89. Rh8+ Kg7 90. Re8 Kf7 91. Re1 Ra6 92. Rc1
Rb6 93. Rc7+ Kf8 94. Kf4 Rb5 95. Rc6 Kf7 96. Kg5 Rb7 97. Rh6 Rb5 98. Rh7+ Kg8
99. Re7 Rb6 100. Re6 Rb7 101. Kg6 Rg7+ 102. Kf6 Rf7+ 103. Ke5 Ra7 104. Rd6 Kf7
105. Kf4 Ra1 106. Rd7+ Kf6 107. Rd6+ Kf7 108. Rd4 Rf1+ 109. Ke5 Re1+ 110. Re4
Rxe4+ 111. Kxe4 Kf6 112. Kf4 Kf7 113. Ke5 Ke7 114. Ke4 Kf6 115. Kf4 Kf7 116. Kg5
Kg7 117. f6+ Kf7 118. Kf5 Kf8 119. Ke6 Ke8 120. Kf5 Kf7 121. Kg5 Kf8 122. Kf5
Kf7 123. Ke5 Kf8 124. Ke6 Ke8 125. f7+ Kf8 126. Kf6 1/2-1/2

[Event "Norway Chess Open GM 2025"]
[Site "Stavanger NOR"]
[Date "2025.05.29"]
[Round "4.39"]
[White "Azikri, Gur"]
[Black "Aravindhan, Achyuth"]
[Result "1-0"]
[BlackTitle "CM"]
[WhiteElo "1982"]
[BlackElo "2098"]
[WhiteFideId "2812738"]
[BlackFideId "1084216"]
[EventDate "2025.05.26"]

1. Nf3 d5 2. e3 Nf6 3. c4 dxc4 4. Bxc4 g6 5. O-O Bg7 6. d4 O-O 7. Nc3 Nc6 8. h3
Bf5 9. a3 Ne4 10. Bd3 Nxc3 11. bxc3 Bxd3 12. Qxd3 e5 13. d5 e4 14. Qxe4 Ne7 15.
Rd1 c6 16. Rb1 cxd5 17. Qd3 Qc7 18. Nd4 Rac8 19. Bd2 Rfd8 20. Qb5 b6 21. a4 Qd6
22. Qa6 Qd7 23. a5 bxa5 24. Rb7 Rc7 25. Rdb1 Bxd4 26. cxd4 Nc6 27. Rxc7 Qxc7 28.
Rc1 Rd6 29. Rc5 Qb6 30. Qc8+ Kg7 31. e4 dxe4 32. Bf4 Rf6 33. Be3 a4 34. d5 Ne7
35. Qe8 Qd6 36. Bd4 a3 37. Ra5 Nxd5 38. Rxa7 Nc7 39. Qxe4 Nb5 40. Bxf6+ Qxf6 41.
Ra5 a2 42. Qa4 Nc3 43. Qa3 Qd4 44. Ra8 Ne2+ 45. Kh2 Qe5+ 46. g3 Nc3 47. Qf8+ Kf6
48. Qh8+ Kf5 49. Qc8+ Kf6 50. Qd8+ Kf5 51. Ra5 a1=Q 52. Rxa1 Nb5 53. Qd3+ Kf6
54. Ra5 Qb2 55. Kg2 Nc7 56. Qf3+ Kg7 57. Ra7 Qc2 58. Qf4 Qc6+ 59. Kh2 1-0

[Event "Norway Chess Open GM 2025"]
[Site "Stavanger NOR"]
[Date "2025.05.29"]
[Round "4.28"]
[White "Guretchii, Kirill"]
[Black "Lewandrowski, Tomasz"]
[Result "0-1"]
[WhiteElo "2094"]
[BlackElo "1979"]
[WhiteFideId "13911872"]
[BlackFideId "1154753"]
[EventDate "2025.05.26"]

1. d4 Nf6 2. c4 e6 3. Nf3 d5 4. Nc3 Be7 5. Bf4 c6 6. e3 Nbd7 7. h3 O-O 8. c5 a5
9. a3 Ne4 10. Nxe4 dxe4 11. Ne5 Nxe5 12. Bxe5 a4 13. Bc4 Kh8 14. Qg4 f6 15. Bg3
Qa5+ 16. Kf1 b5 17. cxb6 f5 18. Qe2 Qxb6 19. Kg1 Ba6 20. Bxa6 Qxa6 21. Qxa6 Rxa6
22. Rc1 Kg8 23. Rc2 Kf7 24. Kf1 Ke8 25. Ke2 Kd7 26. Kd2 Rb6 27. Be5 g6 28. Kc1
Ra8 29. Rd1 h5 30. Rdd2 h4 31. Rc4 g5 32. f3 Rb3 33. Re2 Ra5 34. fxe4 fxe4 35.
g3 Bd6 36. Bxd6 Kxd6 37. gxh4 gxh4 38. Kc2 Kd5 39. Rxa4 Rxb2+ 40. Kxb2 Rxa4 41.
Rc2 Ra8 42. Rc5+ Kd6 43. Rh5 Rg8 44. Rxh4 Kd5 45. Rg4 Rf8 46. Rg3 Kc4 47. h4
Rf2+ 48. Kc1 Kc3 49. Kd1 Kd3 50. Ke1 Rh2 51. a4 Rxh4 52. Kf1 Rh1+ 53. Kf2 Ra1
54. Rg6 Rxa4 55. Rxe6 Ra2+ 56. Kg3 Kxe3 57. Rxc6 Kxd4 58. Rd6+ Ke3 59. Rb6 Kd2
60. Rd6+ Ke2 61. Rb6 e3 62. Rb5 Rd2 0-1

[Event "Norway Chess Open GM 2025"]
[Site "Stavanger NOR"]
[Date "2025.05.29"]
[Round "5.19"]
[White "Kantor, Gergely"]
[Black "Ter-Avetisjana, Agnesa Stepania"]
[Result "1-0"]
[WhiteTitle "GM"]
[BlackTitle "WFM"]
[WhiteElo "2581"]
[BlackElo "2185"]
[WhiteFideId "751499"]
[BlackFideId "11614900"]
[EventDate "2025.05.26"]

1. e4 c6 2. d4 d5 3. e5 Bf5 4. Nd2 e6 5. Nb3 Nd7 6. Nf3 h6 7. Be2 Qc7 8. O-O a6
9. Nh4 Ne7 10. Nxf5 Nxf5 11. Bd3 g6 12. c3 c5 13. Bxf5 gxf5 14. Qh5 Be7 15. Be3
Rh7 16. Kh1 O-O-O 17. g4 fxg4 18. Qxg4 h5 19. Qg2 c4 20. Nd2 f6 21. f4 Qb6 22.
Nf3 Rf8 23. Rae1 Rhf7 24. f5 fxe5 25. dxe5 Bc5 26. Bxc5 Nxc5 27. f6 Nd3 28. Re2
Nf4 29. Qf2 Qxf2 30. Rexf2 Rg8 31. Ne1 Nd3 32. Nxd3 cxd3 33. Rg2 Rff8 34. h4
Rxg2 35. Kxg2 Rg8+ 36. Kf2 Kd7 37. Ke1 Kd8 38. a4 b6 39. Kd1 Kd7 40. b3 Kd8 41.
Kc1 Kd7 42. b4 Kd8 43. a5 bxa5 44. bxa5 Kd7 45. f7 Rf8 46. Kd2 Ke7 47. Kxd3 Kd7
48. Kd4 Ke7 49. Rf2 Kd7 50. Kc5 1-0